01017 2200361 4500001002100000005001500021035002000036007000300056008004100059020002200100040002200122082001200144084001400156090001800170090002200188100002300210245007500233250003100308300004700339500001100386650001400397650001300411700002100424850001200445041000800457504003300465264003900498336002100537337003000558338002300588999002200611990002200633INLIS00000000084956120190716101012 a0010-0719000562ta190716s2018 yoia g | 1 | ind d a978-602-1286-62-3 aYOPDYOGbinderda04223a657 a657 KRI a aDEP 657 KRI a aCB-D.11 2018-30480 aKrismiajiepenulis1 aAkuntansi keuangan menengah :bvolume 2 /cpenulis, Krismiaji, Surifah aCetakan pertama, Juli 2018 ax, 210 halaman :bilustrasi tabel ;c24 cm aIndeks 4aAkuntansi 4aKeuangan0 aSurifahepenulis aYOPDYOG0 aind aBibliografi: halaman 209-21034aYogyakarta :bUPP STIM YKPN,c2018 2rdacontentateks 2rdamediaatanpa perantara 2rdacarrieravolume aCB-D.11/2018-3048 aCB-D.11/2018-3048